Name All Lana Del Rey Songs from Ultraviolence - Statistics

General Stats
  • This quiz has been taken 21 times
  • The average score is 12 of 14
Answer Stats
Answers: % Correct
Brooklyn Baby
100%
Cruel World
100%
Fucked My Way Up To The Top
100%
Shades of Cool
100%
Ultraviolence
100%
Florida Kilos
90%
Pretty When You Cry
90%
Sad Girl
90%
West Coast
90%
Money Power Glory
80%
Old Money
80%
The Other Woman
80%
Black Beauty
70%
Guns and Roses
70%
No matching quizzes found
Score Distribution
Percent of People with Each Score
Percentile by Number Answered
Your Score History
You have not taken this quiz